|
|
|
|
| LEADER |
01321nam a22003137a 4500 |
| 001 |
5677 |
| 003 |
BD-DhAAL |
| 005 |
20250804152550.0 |
| 008 |
171220t1996 bg ad|| bs|||f000 0 eng d |
| 020 |
|
|
|a 984508253X
|
| 040 |
|
|
|a BD-DhAAL
|d BD-DhAAL
|
| 041 |
|
|
|a eng
|a ben
|
| 082 |
|
|
|a 304.6095492
|2 20
|
| 245 |
0 |
0 |
|a Bangladesh population census,
|f 1991.
|p Zila : Sunamganj.
|
| 246 |
3 |
1 |
|a বাংলাদেশ আদমশুমারী,
|f ১৯৯১.
|p জেলা : সুনামগঞ্জ.
|
| 260 |
|
|
|a Dhaka :
|b Bangladesh Bureau of Statistics, Planning Division, Ministry of Planning, Govt. of the People's Republic of Bangladesh,
|c 1996.
|
| 300 |
|
|
|a xiv, 328 pages :
|b illustrations, charts, tables ;
|c 28 cm.
|
| 490 |
|
|
|a Community series
|
| 500 |
|
|
|a Chiefly statistical tables.
|
| 526 |
|
|
|a AAL
|
| 541 |
|
|
|e 5677
|
| 546 |
|
|
|a Includes prefatory matters also in Bengali.
|
| 651 |
|
|
|a Bangladesh
|x Population
|v Statistics.
|9 24301
|
| 651 |
|
|
|a Bangladesh
|x Census, 1991.
|9 24302
|
| 710 |
|
|
|a Bangladesh Bureau of Statistics
|9 24303
|
| 852 |
|
|
|a Ayesha Abed Library
|c Reference Section
|
| 942 |
|
|
|2 ddc
|c BK
|
| 999 |
|
|
|c 38846
|d 38846
|
| 952 |
|
|
|0 0
|1 0
|2 ddc
|4 0
|6 304_609549200000000_BAN
|7 1
|8 RPT
|9 62328
|a BRACUL
|b BRACUL
|c REF
|d 2017-12-20
|g 400.00
|l 0
|o 304.6095492 BAN
|p 3010005677
|r 2017-12-20
|t 1
|w 2017-12-20
|y BK
|